Útépítés a hídon

Elmentve itt :
Bibliográfiai részletek
Dokumentumtípus: Cikk
Megjelent: 1983-06-12
Sorozat:Délmagyarország 73 No. 138
Kulcsszavak:Építőipari Szövetkezet
Online Access:http://dmarchiv.bibl.u-szeged.hu/105950
LEADER 00404nab a2200145 i 4500
001 delm105950
005 20190627095028.0
008 190627s1983 hu o 0|| hun d
040 |a SZTE Délmagyarország Archívum  |b hun 
041 |a hun 
245 0 0 |a Útépítés a hídon  |h [elektronikus dokumentum] 
260 |c 1983-06-12 
300 |a 8 
490 0 |a Délmagyarország  |v 73 No. 138 
695 |a Építőipari Szövetkezet